Statistics for Biggest Cities on the Sea of Japan

Click here to take the quiz!

General Stats

  • This quiz has been taken 74 times
  • The average score is 5 of 10

Answer Stats

PopulationCountryCity% Correct
3,240,000South KoreaBusan
97%
585,000RussiaVladivostok
72%
2,390,000JapanSapporo
69%
2,640,000JapanFukuoka
68%
850,000JapanNiigata
45%
1,745,000JapanKitakyushu
42%
920,000South KoreaUlsan
31%
545,000North KoreaHamhung
25%
630,000North KoreaChongjin
17%
980,000South KoreaChangwon
3%

Score Distribution

Percentile by Number Answered

Percent of People with Each Score

Your Score History

You have not taken this quiz